Statistiques concernant Espèces protégées tuées par Lara Croft

Cliquez ici pour prendre le quiz!

Statistiques générales

  • Ce quiz a été pris 118 fois
  • Le résultat moyen est 5 sur 9

Statistiques - réponses

OpusEspèces% Correct
2 (+U), 3 (+DA)Tigre
87%
1, CLion
79%
1, ROurs
67%
2 (MO)Ours polaire
67%
2 (+U), RFRequin (blanc et marteau)
52%
1 (+UB)Panthère
49%
1 (+UB), 3, RFCrocodile
45%
3 (+DA), RFBabouin
34%
1Gorille
30%

Distribution des résultats

Percentile par nombre de réponses

% des personnes avec chaque résultat

Votre développement - résultats

Vous n’avez pas pris ce quiz